000
00442nam a2200145Ia 4500
008
090124s9999 xx 000 0 und d
082
_b
133393
_a
101826
245
_a
महाराणी पद्मिनी
250
_a
1
260
_b
गोखले श्री.पु.
_c
2005
300
_a
194
630
_a
महाराणी पद्मिनी
730
_a
महाराणी पद्मिनी
942
_c
BOOK
999
_c
179608
_d
179608